Handbook of health social work /

Provides social work students and practitioners with the skills they need to enable them to use evidence-based decisions in their practice.

Bibliographic Details
Other Authors: Gehlert, Sarah, 1948-, Browne, Teri Arthur
Format: Book
Language:English
Published: Hoboken, N.J. : Wiley, ©2006.
Subjects:

MARC

Tag First Indicator Second Indicator Subfields
LEADER 00000cam a22000004a 4500
001 in00005647421
008 050429s2006 njua bf 001 0 eng
005 20250909125111.7
010 |a  2005048988 
035 |a (OCoLC)ocm60323261 
040 |a DLC  |b eng  |c DLC  |d BAKER  |d UKM  |d C#P  |d NLM  |d HAC  |d YDXCP  |d IG#  |d BTCTA  |d LVB  |d UQ1  |d OCLCG  |d MOF  |d CHVBK  |d ZR1  |d TULIB  |d OCLCF  |d OCLCQ  |d OCL  |d OCLCQ  |d FC@  |d VVH  |d OCLCQ  |d OCLCO  |d OCLCA  |d GILDS  |d OCLCO  |d OCLCA  |d OCLCQ  |d OCLCO  |d IL4J6  |d OCLCO  |d OCL  |d OCLCO  |d OCLCL 
015 |a GBA582085  |2 bnb 
016 7 |a 101272244  |2 DNLM 
016 7 |a BA77061012  |2 JP-ToKJK 
016 7 |a 013301511  |2 Uk 
019 |a 156691849  |a 918767846  |a 1022627199  |a 1191348198  |a 1201894635  |a 1201999542 
020 |a 0471714313 
020 |a 9780471714316 
024 3 |a 9780471714316 
035 |a (OCoLC)60323261  |z (OCoLC)156691849  |z (OCoLC)918767846  |z (OCoLC)1022627199  |z (OCoLC)1191348198  |z (OCoLC)1201894635  |z (OCoLC)1201999542 
042 |a pcc 
050 0 0 |a HV687.A2  |b H36 2006 
060 0 0 |a 2006 D-384 
060 1 0 |a W 322  |b H236 2006 
082 0 0 |a 362.1/0425  |2 22 
245 0 0 |a Handbook of health social work /  |c edited by Sarah Gehlert and Teri Arthur Browne. 
260 |a Hoboken, N.J. :  |b Wiley,  |c ©2006. 
300 |a xx, 747 pages :  |b illustrations ;  |c 27 cm 
336 |a text  |b txt  |2 rdacontent 
337 |a unmediated  |b n  |2 rdamedia 
338 |a volume  |b nc  |2 rdacarrier 
500 |a Center of Excellence Book College of Dentistry Dallas 
504 |a Includes bibliographical references and indexes. 
505 0 |a Foreword / Jay Cayner -- Introduction / Sarah Gehlert -- pt. I. The foundations of social work in health care. 1. The conceptual underpinnings of social work in health care / Sarah Gehlert -- 2. Social work roles and health-care settings / Teri Arthur Browne -- 3. Ethics and social work in health care / Jared Sparks -- 4. Public health and social work / Deborah R. Schild and Marjorie R. Sable -- 5. Health policy and social work / Julie S. Darnell and Edward F. Lawlor -- 6. Community and health / Christopher Masi -- pt. II. Health social work practice: a spectrum of critical considerations. 7. Theories of health behavior / Sarah Gehlert -- 8. Physical and mental health: interactions, assessment, and intervention / Malitta Engstrom -- 9. Communication in health care / Sarah Gehlert -- 10. Religion, spirituality, and health / Kevin Burke -- 11. Family, health, and illness / John S. Rolland and Allison Werner-Lin -- 12. Human sexuality and physical intimacy / Les Gallo-Silver -- 13. Substance use problems in health social work practice / Colleen A. Mahoney, Malitta Engstrom, and Jeanne C. Marsh -- pt. III. Health social work: selected areas of practice. 14. Social work with older adults in health-care settings / Sadhna Diwan and Shantha Balaswamy -- 15. Social work practice and disability issues / Rebecca Brashler -- 16. Nephrology social work / Teri Arthur Browne -- 17. Oncology social work / Allison Werner-Lin and Nancee M. Biank -- 18. Social work and chronic disease: diabetes, heart disease, and HIV/AIDS / Wendy Auslander and Stacey Freedenthal -- 19. Social work and genetics / Deborah R. Schild, Susan Taylor-Brown and Luba Djurdjinovic -- 20. End-of-life care / Yvette Colón -- 21. Pain management and palliative care / Terry Atilio, Shirley Otis-Green, Susan Hedlund, and Iris Cohen Fineberg -- 22. Alternative, complementary, and integrative medicine in a conventional setting / Penny Block -- Afterword / Candyce S. Berger. 
520 |a Provides social work students and practitioners with the skills they need to enable them to use evidence-based decisions in their practice. 
650 0 |a Medical social work  |v Handbooks, manuals, etc. 
650 0 |a Social service. 
650 1 2 |a Social Work 
655 2 |a Handbook 
700 1 |a Gehlert, Sarah,  |d 1948-  |1 https://id.oclc.org/worldcat/entity/E39PCjFDGftWfw4CDCFDxctPKm 
700 1 |a Browne, Teri Arthur. 
994 |a Z0  |b TXA 
948 |h HELD BY TXA - 311 OTHER HOLDINGS 
999 f f |s c7948f67-2848-42ac-8fec-e8a3d3dbafeb  |i a5aac860-b4c2-4524-a022-33880d4a26cf  |t 0 
952 f f |p hsc_normal  |a Texas A&M University  |b Texas A&M University Health Science Center  |c MSL: Dallas  |d MSL : Dallas Books at College of Dentistry Temp Library  |t 0  |e WA 31 G27 2006  |h National Library of Medicine classification  |i unmediated -- volume  |m 1000017897X  |n 1 
998 f f |a WA 31 G27 2006  |t 0  |l MSL: Dallas Books at BHSL